Jesus in LA - Alec Benjamin (All Lyrics) - Statistics

General Stats
  • This quiz has been taken 5 times
  • The average score is 391 of 473
Answer Stats
Answer % Correct
a
100%
And
100%
and
100%
be
100%
by
100%
he
100%
He
100%
him
100%
his
100%
I
100%
I'm
100%
in
100%
is
100%
it
100%
it's
100%
I've
100%
Jesus
100%
just
100%
LA
100%
LA"
100%
me
100%
my
100%
of
100%
on
100%
Or
100%
So
100%
some
100%
the
100%
time
100%
to
100%
was
100%
we
100%
were
100%
when
100%
When
100%
where
100%
with
100%
With
100%
Yeah,
100%
you
100%
You
100%
you,
100%
your
100%
you're
100%
16
67%
all
67%
alone
67%
asked
67%
at
67%
At
67%
away
67%
bag
67%
been
67%
both
67%
bottle
67%
bottom
67%
bought
67%
brought
67%
busy
67%
But
67%
came
67%
care
67%
'Cause
67%
city
67%
colors
67%
"Come
67%
could
67%
crying
67%
devil
67%
don't
67%
Down
67%
down
67%
dream
67%
drink
67%
end
67%
even
67%
fade
67%
find
67%
for
67%
friends
67%
from
67%
go
67%
hands
67%
Hang
67%
hills
67%
home
67%
knew
67%
know
67%
Know
67%
let
67%
Let
67%
level
67%
lights
67%
looking
67%
not
67%
"Now
67%
out
67%
Packed
67%
pad
67%
party
67%
pencil
67%
pills
67%
ran
67%
realized
67%
said,
67%
Said,
67%
said
67%
sat
67%
savior,
67%
savior
67%
say
67%
Searching
67%
shame
67%
shook
67%
should
67%
shrink
67%
side
67%
sip
67%
sold
67%
"Son,
67%
south
67%
special
67%
stay"
67%
sunset
67%
"Tell
67%
tell
67%
that
67%
they
67%
think"
67%
think
67%
this
67%
through
67%
Took
67%
tripping
67%
truth
67%
us
67%
vibrant
67%
way
67%
Well,
67%
what
67%
whiskey
67%
won't
67%
you've
67%
share
33%
No matching quizzes found
Score Distribution
Percent of People with Each Score
Percentile by Number Answered
Your Score History
You have not taken this quiz